| 000 | 01253nam a2200349 cb4500 | ||
|---|---|---|---|
| 001 | BV026859539 | ||
| 003 | DE-604 | ||
| 005 | 20210708140834.0 | ||
| 007 | t | ||
| 008 | 110326s1980 a||| |||| 00||| ger d | ||
| 020 |
_a3404650271 _93-404-65027-1 |
||
| 035 | _a(OCoLC)815877915 | ||
| 035 | _a(DE-599)BVBBV026859539 | ||
| 040 |
_aDE-604 _bger _cRU-10907106 |
||
| 041 | 0 | _ager | |
| 100 | 1 |
_aMellenthin, Friedrich Wilhelm von _eVerfasser _4aut |
|
| 240 | 1 | 0 | _aGerman generals of World War II: as I saw them |
| 245 | 1 | 0 | _aDeutschlands Generale des Zweiten Weltkriegs |
| 250 | _aDeutsche Erstveröffentlichung | ||
| 264 | 1 |
_aBergisch-Gladbach _bLübbe _c1980 |
|
| 300 |
_a320 Seiten _bIllustrationen |
||
| 336 |
_aText _btxt _2rdacontent |
||
| 337 |
_aohne Hilfsmittel zu benutzen _bn _2rdamedia |
||
| 338 |
_aBand _bnc _2rdacarrier |
||
| 490 | 0 |
_aBastei-Lübbe-Taschenbuch _v65027 : Zeitgeschichte |
|
| 504 | _aEnthält bibliographische Verweise (S.307-310) und einen index | ||
| 650 | 0 | 7 |
_aGeneral _0(DE-588)4132742-1 _2gnd _9rswk-swf |
| 650 | 0 | 7 |
_aWeltkrieg _g1939-1945 _0(DE-588)4079167-1 _2gnd _9rswk-swf |
| 651 | 7 |
_aDeutschland _0(DE-588)4011882-4 _2gnd _9rswk-swf |
|
| 655 | 7 |
_0(DE-588)4006804-3 _aBiografie _2gnd-content |
|
| 942 |
_2z _cMG |
||
| 999 |
_c56936 _d56936 |
||